000
00249nam a2200097Ia 4500
001
1151281
005
20250827011044.0
008
250824s9999 xx 000 0 und d
245
0
_a
ESKİCİ VE OĞULLARI
_c
ORHAN KEMAL
260
_b
EVEREST YAYINLARI
999
_c
1151281
_d
1151281